| 000 | 00727cam a22002413a 4500 | ||
|---|---|---|---|
| 001 | 27978 | ||
| 003 | PGUSA | ||
| 005 | 20140828083614.0 | ||
| 008 | 090203s2009||||xxu|||||s|||||000 | eng d | ||
| 040 |
_aPGUSA _beng |
||
| 042 | _adc | ||
| 050 | 4 | _aBS | |
| 100 | 1 |
_aLuther, Martin, _d1483-1546 |
|
| 245 | 1 | 0 |
_aCommentary on Genesis, Vol. II : _bLuther on Sin and the Flood _h[electronic resource] / _cMartin Luther |
| 260 |
_bProject Gutenberg, _c2009 |
||
| 506 | _aPublic domain in the USA. | ||
| 516 | _aElectronic text | ||
| 653 | _aBible. Genesis -- Commentaries | ||
| 700 | 1 |
_aLenker, John Nicholas, _d1858-1929 |
|
| 830 | 0 |
_aProject Gutenberg _v27978 |
|
| 856 | 4 | 0 | _uhttp://www.gutenberg.org/ebooks/27978 |
| 942 | _cEB | ||
| 999 |
_c257233 _d257233 |
||